00449nam a2200157Ia 4500008004100000020001800041082001900059100002300078245004700101250000800148260005000156300002400206500001900230600002700249650001500276240925s9999 xx 000 0 und d a9789332549456 a621.381548 JOH aJohnson ,Curtis D. 0aProcess Control Instrumentation Technology a8th aUttar Pradesh:bPearson Education Incc,2016. a1339p.b0fOriginal aIncludes Index aElectronic Engineering aTechnology